Subdivision capitals closest to Genève (CH) - Statistics

General Stats
  • This quiz has been taken 28 times
  • The average score is 11 of 20
Answer Stats
Distance (km) Answer % Correct
8 130 Bern/Berne
86%
6 112 Lyon
86%
13 187 Basel
81%
1 52 Lausanne
81%
5 107 Neuchâtel
76%
2 94 Sion
71%
16 191 Luzern
67%
3 103 Fribourg/Freiburg
62%
9 155 Solothurn
62%
10 159 Delémont
52%
11 173 Torino
52%
4 105 Aosta
43%
19 211 Zug
38%
17 197 Aarau
33%
7 116 Besançon
29%
14 188 Liestal
29%
12 179 Sarnen
29%
20 213 Schwyz
29%
18 206 Altdorf
24%
15 190 Stans
24%
No matching quizzes found
Score Distribution
Percent of People with Each Score
Percentile by Number Answered
Your Score History
You have not taken this quiz